Modern digital and analog communication systems (Record no. 3338)

000 -LEADER
fixed length control field 00757nam a2200241 a 4500
001 - CONTROL NUMBER
control field 3338
003 - CONTROL NUMBER IDENTIFIER
control field BD-DhUET
008 - FIXED-LENGTH DATA ELEMENTS--GENERAL INFORMATION
fixed length control field 970520s1998 nyua b 000 0 eng
020 ## - INTERNATIONAL STANDARD BOOK NUMBER
International Standard Book Number 0195110099
040 ## - CATALOGING SOURCE
Original cataloging agency DLC
Transcribing agency DLC
Modifying agency BD-DhUET
082 00 - DEWEY DECIMAL CLASSIFICATION NUMBER
Classification number 623.80413
Item number LAT/1998
100 1# - MAIN ENTRY--PERSONAL NAME
Personal name Lathi, B. P.
245 10 - TITLE STATEMENT
Title Modern digital and analog communication systems
250 ## - EDITION STATEMENT
Edition statement 3rd ed.
260 ## - PUBLICATION, DISTRIBUTION, ETC. (IMPRINT)
Place of publication, distribution, etc. New York
Name of publisher, distributor, etc. Oxford University Press
Date of publication, distribution, etc. 1998
300 ## - PHYSICAL DESCRIPTION
Extent xiii,781p.
Other physical details ill.
Dimensions 25 cm.
504 ## - BIBLIOGRAPHY, ETC. NOTE
Bibliography, etc Includes bibliographies
650 #0 - SUBJECT ADDED ENTRY--TOPICAL TERM
Topical term or geographic name as entry element Telecommunication systems
650 #0 - SUBJECT ADDED ENTRY--TOPICAL TERM
Topical term or geographic name as entry element Digital communications
856 42 - ELECTRONIC LOCATION AND ACCESS
Uniform Resource Identifier http://www.loc.gov/catdir/enhancements/fy0605/97016040-d.html
856 41 - ELECTRONIC LOCATION AND ACCESS
Uniform Resource Identifier http://www.loc.gov/catdir/enhancements/fy0605/97016040-t.html
942 ## - ADDED ENTRY ELEMENTS (KOHA)
Koha item type General Book
Holdings
Location (home branch) Shelving location Sublocation or collection (holding branch) Koha normalized classification for sorting Koha issues (times borrowed) Koha full call number Not for loan Date acquired Price effective from Source of classification or shelving scheme Withdrawn status Koha date last seen Copy number Koha date last borrowed Piece designation (barcode) Koha item type Damaged status Lost status
Central Library, BUETCirculation sectionCentral Library, BUET623_804130000000000_LAT_199814623.80413/LAT/1998 2014-10-262014-10-26  2025-04-2612025-04-21101682General Book  
Central Library, BUETCirculation sectionCentral Library, BUET623_804130000000000_LAT_19983623.80413/LAT/1998 2014-10-272014-10-27  2024-09-0722024-03-06100034General Book  
Central Library, BUETCirculation sectionCentral Library, BUET623_804130000000000_LAT_19984623.80413/LAT/1998 2014-10-272014-10-27  2025-12-0132025-05-05100033General Book  
Central Library, BUETReading sectionCentral Library, BUET623_804130000000000_LAT_1998 623.80413/LAT/1998 2015-06-252015-06-25  2015-06-254 101684General Book